000 00232nam a22000857a 4500
008 160624b xxu||||| |||| 00| 0 eng d
100 _91090
_aDelgaudio, R.A
245 _aPerit in Panama
260 _aWashington
_bNational Security Center
_c1998
999 _c876
_d876